| 000 | 00597nam a2200205 a 4500 | ||
|---|---|---|---|
| 005 | 20140310183216.0 | ||
| 008 | 030620s19uu xx 00 eng d | ||
| 020 | _a0201180375 | ||
| 050 |
_aHD 66 _b.D94 1987 |
||
| 100 | _aDyer, William G. | ||
| 245 |
_aTeam building / _cWilliam G. Dyer. |
||
| 260 |
_aReading, Massachusetts : _bAddison-Wesley Publishing, _c1987. |
||
| 300 |
_a171 p. : _c18 cm. |
||
| 440 | _aThe Addison-Wesley series on organization dvelopment | ||
| 521 | _aBSBA | ||
| 650 | _aWork groups | ||
| 650 | _aOrganizational change | ||
| 942 |
_cBK _2lcc _kFOR |
||
| 999 |
_c20238 _d20238 |
||